| 000 | 00693nam a2200169Ia 4500 | ||
|---|---|---|---|
| 008 | 100122s9999 xx 000 0 und d | ||
| 082 |
_b31707 _a294.5924 |
||
| 100 | _aगोंदवलेकर | ||
| 245 | _aश्री गोंदवलेकर महाराज यांची प्रवचने | ||
| 250 | _a5 | ||
| 260 |
_bयशवंत प्रकाशन _c1981 |
||
| 300 | _a370 | ||
| 630 | _aश्री गोंदवलेकर महाराज यांची प्रवचने | ||
| 700 | _aगोखले गो सी | ||
| 730 | _aश्री गोंदवलेकर महाराज यांची प्रवचने | ||
| 942 | _cBOOK | ||
| 999 |
_c416231 _d416228 |
||